书目信息 |
| 题名: |
摩擦学原理
|
|
| 作者: | 霍林 , Halling 主编 ;上海交通大学摩擦学研究室 译 | |
| 分册: | ||
| 出版信息: | 北京 机械工业出版社 1981 |
|
| 页数: | 413页 | |
| 开本: | 21cm | |
| 丛书名: | ||
| 单 册: | ||
| 中图分类: | O313.5 , TH117 | |
| 科图分类: | ||
| 主题词: | 摩擦学--理论 , 机械--摩擦 , 磨损 , 机械--润滑 | |
| 电子资源: | ||
| ISBN: | ||
| 000 | 00977nam0 2200337 45 | |
| 001 | 0181004691 | |
| 005 | 20031224151253.0 | |
| 010 | @dCNY1.65 | |
| 091 | @a15033.4997 | |
| 100 | @a19950128d1981 em y0chiy0121 ea | |
| 101 | 1 | @achi@ceng |
| 102 | @aCN@b110000 | |
| 105 | @ay z 000yy | |
| 106 | @ar | |
| 200 | 10 | @a摩擦学原理@Ama ca xue yuan li@f(英)霍林(J.Halling)主编@g上海交通大学摩擦学研究室译 |
| 210 | @a北京@c机械工业出版社@d1981 | |
| 215 | @a413页@d21cm | |
| 300 | @a书名原文:Principles of tribology | |
| 510 | 1 | @aPrinciples of tribology@zeng |
| 606 | @a摩擦学@x理论 | |
| 606 | 0 | @a机械@x摩擦 |
| 606 | 0 | @a磨损 |
| 606 | 0 | @a机械@x润滑 |
| 690 | @aO313.5@v3 | |
| 690 | @aTH117 | |
| 701 | 1 | @a霍林@Ahuo lin@bJ.@4主编 |
| 701 | A1 | @aHalling@bJ.@4主编 |
| 712 | 02 | @a上海交通大学摩擦学研究室@Ashang hai jiao tong da xue ma ca xue yan jiushi@4译 |
| 801 | 0 | @aCN@b上海图书馆@c20031224 |
| 801 | 2 | @aCN@bNLC@c20031224 |
| 905 | @f1@b62002@dTH117@e14 | |
| 摩擦学原理/(英)霍林(J.Halling)主编/上海交通大学摩擦学研究室译.-北京:机械工业出版社,1981 |
| 413页;21cm |
| 书名原文:Principles of tribology |
| ISBN :CNY1.65 |
| ● |
| 相关链接 |
|
|
|
|
正题名:摩擦学原理
索取号:TH117/14
 
预约/预借
| 序号 | 登录号 | 条形码 | 馆藏地/架位号 | 状态 | 备注 |
| 1 | 0062001 | 001364400 | 第二样本阅览室/ [索取号:TH117/14] | 在馆 | |
| 2 | 0062002 | 001860150 | 密集书库/ [索取号:TH117/14] | 在馆 |